|
|
|
|
| LEADER |
00000nab a2200000 a 4500 |
| 001 |
vtls000744081 |
| 003 |
SK-MaSNL |
| 005 |
20260304132657.0 |
| 008 |
250429c2000 xo 0 slo |
| 015 |
|
|
|a SNBRB2001/01-02210
|
| 035 |
|
|
|a CLN000095918
|
| 035 |
|
|
|a urn:nbn:sk:snk-ab1kqy
|
| 035 |
|
|
|a (urnnbn)urn:nbn:sk:snk:ar-004btp
|
| 035 |
|
|
|a (uuid)613db2db-92f4-46d6-80df-a6feb63dca95
|
| 040 |
|
|
|a SNKBUCL
|b slo
|c SNKBUCL
|e AACR2
|
| 041 |
0 |
|
|a ukr
|
| 044 |
|
|
|a xo
|c SK
|
| 080 |
|
|
|a 808.101(091)
|2 1997
|
| 080 |
|
|
|a 947.787(=875)"18"
|2 1997
|
| 100 |
1 |
|
|a Štec, Mikuláš,
|d 1932-
|4 aut
|9 98645
|
| 245 |
1 |
0 |
|a Zakarpatoukrajins'ki budyteli i cerkovnoslov'jans'ka mova
|c Mykola Štec'
|
| 504 |
|
|
|a Bibliogr. odkaz
|
| 600 |
1 |
7 |
|a Duchnovyč, Oleksandr,
|d 1803-1865
|t Knyžycja
|2 snkbucl
|9 19840
|
| 650 |
0 |
7 |
|a Rusíni
|z Uhorsko
|y stor. 19.
|2 snkbucl
|9 1448340
|
| 650 |
0 |
7 |
|a slovančina cirkevná
|z Zakarpatská Ukrajina (Ukrajina)
|y stor. 19.
|2 snkbucl
|9 1448341
|
| 655 |
|
7 |
|a články z novín a časopisov
|2 snkbucl
|9 267496
|
| 773 |
0 |
|
|t Duklja
|g Roč. 48, č. 4 (2000), s. 40-44
|
| 850 |
|
|
|a Slovenská národná knižnica
|
| 852 |
|
|
|a Slovenská národná knižnica
|
| 958 |
|
|
|a article27
|
| 958 |
|
|
|a UA
|
| 958 |
|
|
|a UK
|
| 958 |
|
|
|a SK
|
| 958 |
|
|
|a NB
|
| 958 |
|
|
|a OND
|
| 958 |
|
|
|a EUIPO
|
| 992 |
|
|
|a RBX
|
| 999 |
|
|
|c 2899413
|d 2901343
|